Không phải trò đùa

Wedi'i Gadw mewn:
Manylion Llyfryddiaeth
Prif Awdur: Khuất Quang Thụy
Fformat: Llyfr
Iaith:Undetermined
Cyhoeddwyd: Hà Nội Hội Nhà Văn 1999
Pynciau:
Tagiau: Ychwanegu Tag
Dim Tagiau, Byddwch y cyntaf i dagio'r cofnod hwn!
Thư viện lưu trữ: Trung tâm Học liệu Trường Đại học Cần Thơ
LEADER 00526nam a2200169Ia 4500
001 CTU_34467
008 210402s9999 xx 000 0 und d
082 |a 895.9223 
082 |b Th523 
100 |a Khuất Quang Thụy 
245 0 |a Không phải trò đùa 
245 0 |c Khuất Quang Thụy 
260 |a Hà Nội 
260 |b Hội Nhà Văn 
260 |c 1999 
650 |a vietnamese fiction - 20th century,vietnamese literature - 20th century 
980 |a Trung tâm Học liệu Trường Đại học Cần Thơ